000 00528nam a2200193Ia 4500
005 20250508162050.0
008 008 250505s9999 xx 000 0 eng d
037 _aTextual
040 _aFEDL
_beng
_cFEDL
041 _aeng
_2eng
084 _a372, MAT
_qFEDL
100 _aMatthews Julia Ed.
_9772203
245 0 _aTrends in primary education
260 _aLondon, UK
_bPeter Owen Limited
_c1975
300 _a175p
650 _aElementary Education
942 _cTEXL
_h372, MAT
999 _c1374160
_d1374160